Statistiques concernant La réponse est un personnage de JoJo's Bizarre Adventure #1

Cliquez ici pour prendre le quiz!

Statistiques générales

  • Ce quiz a été pris 58 fois
    (56 depuis la dernière actualisation)
  • Le résultat moyen est 6 sur 15

Statistiques - réponses

IndiceRéponsePremière ApparitionPersonnage% Correct
Single et deuxième chanson de l'album Sheer Heart Attack de QueenKiller QueenDiamond is Unbreakable (Part 4)Stand de Kira
80%
Groupe de Heavy Metal américain actuellement composé de James Hetfield, Lars Ulrich, Kirk Hammett et Robert Trujillo. Leurs plus grands succès comportent Nothing Else Matters, The Unforgiven et Master of PuppetsMetallicaGolden Wind (Part 5)Stand de Risotto
80%
Groupe de Funk Rock américain actuellement composé d'Anthony Kiedis, Flea, Chad Smith et John Frusciante. Leurs plus grands succès comportent Californication, Can't Stop et Snow (Hey Oh)Red Hot Chili Pepper(s)Diamond is Unbreakable (Part 4)Stand d'Akira
71%
Premier et dernier titre de l'album Wish You Were Here de Pink Floyd divisée en 9 partiesShine On You {Crazy Diamond}Diamond is Unbreakable (Part 4)Stand de Josuke
60%
Groupe de Rock Progressif britannique dont Robert Fripp est la figure de proue. Leurs plus grands succès comportent 21st Schizoid Man, Epitaph et MoonchildKing CrimsonGolden Wind (Part 5)Stand de Diavolo
40%
Rappeur américain dont le vrai nom est Robert Matthew Van Winkle. Ses plus grands succès comportent Ice Ice Baby, Jump Around et Ninja RapVanilla IceStardust Crusaders (Part 3)Dernier antagoniste majeur avant Dio, manieur de Cream
40%
Traduction de "viande" ou "chair" en italienCarneGolden Wind (Part 5)Membre de Passione et manieur de Notorious B.I.G.
38%
Groupe de Rock britannique actuellement composé de Mark Knopfler, John Illsley, Alan Clark et Guy Fletcher. Leurs plus grands succès comportent Sultans of Swing, Money for Nothing et Walk Of LifeDire / StraitsPhantom Blood (Part 1)Alliés de Jonathan (Straits devient ensuite un ennemi de Joseph dans Battle Tendency)
36%
Duo français de Musique Électronique composé de Gaspard Augé et Xavier de Rosnay. Leurs titres à succès comportent D.A.N.C.E, Genesis et We Are Your Friends. C'est également l'arcane n°8 du tarotJusticeStardust Crusaders (Part 3)Stand d'Enya
33%
Premier single de Prince figurant sur son premier album For YouSoft & WetJoJolion (Part 8)Stand de Gappy
31%
Titre à succès des Guns N'Roses qui dure 8:57 et figurant sur l'album Use Your Illusion INovember RainThe JOJOLands (Part 9)Stand de Jodio
27%
Single et titre éponyme du troisième album de Lady GagaBorn This WayJoJolion (Part 8)Stand de Kei Nijimura
24%
Noms de famille des membres des Led Zeppelin dans l'ordre alphabétiqueBonham, Jones, Page et PlantPhantom Blood (Part 1)Zombies invoqués par Dio
11%
Marque de mode française créée par le Japonais "... Takada"KenzoStone Ocean (Part 6)Ennemi de Jolyne et manieur de Dragon's Dream
11%
Duo de Pop américain, composé de Daryl Dragon et de "Toni ...". Leur plus grand succès est Love Will Keep Us TogetherCaptain (and) TennilleStardust Crusaders (Part 3)Membre de la fondation Speedwagon tué et remplacé par un sbire de Dio, manieur de Dark Blue Moon
7%

Distribution des résultats

Percentile par nombre de réponses

% des personnes avec chaque résultat

Votre développement - résultats

Vous n’avez pas pris ce quiz depuis la dernière actualisation